Poverty, natural resources and public policy in Central America
sin resumen
Uloženo v:
| Hlavní autor: | |
|---|---|
| Médium: | Neznámo |
| Jazyk: | Spanish |
| Témata: | |
| Tagy: |
Přidat tag
Žádné tagy, Buďte první, kdo vytvoří štítek k tomuto záznamu!
|
MARC
| LEADER | 00000 a2200000 04500 | ||
|---|---|---|---|
| 003 | cru CIDCACS/IIS | ||
| 005 | 20230710121741.0 | ||
| 008 | 230710b |||||||| |||| 00| 0 spa d | ||
| 040 | |c cru CIDCACS/IIS | ||
| 100 | 1 | |9 11564 |a Sheldom, Annis |e Autor | |
| 245 | |a Poverty, natural resources and public policy in Central America |c Annis Sheldom | ||
| 300 | |a páginas 3-27 | ||
| 500 | |a Colección Centroamérica | ||
| 520 | |a sin resumen | ||
| 650 | 0 | |a POBREZA |9 284 | |
| 650 | 4 | |a POLITICA GUBERNAMENTAL |9 3253 | |
| 650 | 4 | |a RECURSOS NATURALES |9 2011 | |
| 651 | 0 | |9 308 |a CENTROAMERICA | |
| 773 | 0 | |0 16910 |9 8698 |a Annis, Sheldon |d Washington (State) : Overseas Development Council 1992 |o 14040 |t Poverty, natural resources and public policy in Central America / |w (cru CIDCACS/IIS)3039 |z [sin ISBN] | |
| 942 | |2 ddc |c LI | ||
| 999 | |c 45193 |d 45193 | ||
